Statistics for First Names by Slang Meaning

Click here to take the quiz!

General Stats

  • This quiz has been taken 8,596 times
  • The average score is 7 of 17

Answer Stats

Slang MeaningName% Correct
CoffeeJoe
77%
Prostitute's clientJohn
66%
British police officerBobby
61%
MarijuanaMary Jane
60%
$100 billBenjamin
58%
To throw awayChuck
51%
DetectiveDick
41%
Female equivalent to bloke (Australia)Sheila
41%
To pry openJimmy
39%
Viet-Cong soldierCharlie
36%
Victim of a conMark
30%
To vomitRalph
30%
German soldierJerry
26%
British soldierTommy
25%
Drink laced with a drugMickey
24%
To vomitEarl
12%
Victim of a conPatsy
12%

Score Distribution

Percentile by Number Answered

Percent of People with Each Score

Your Score History

You have not taken this quiz